[Event "XII Open"]
[Site "Condino ITA"]
[Date "2012.07.26"]
[Round "5"]
[White "Girelli, Sergio"]
[Black "Menon, Michele"]
[WhiteElo "1889"]
[BlackElo "1747"]
[Result "1-0"]
[PlyCount "109"]
[EventDate "2012.07.22"]

1. e4 e5 2. Nf3 d6 3. Bc4 Be7 4. Nc3 Nf6 5. d4 Nbd7 6. O-O O-O 7. h3 a6 8. a4
exd4 9. Nxd4 Ne5 10. Bb3 c5 11. Nf3 Ng6 12. Re1 Nd7 13. Nd5 Bf6 14. c3 Nde5 15.
Nxf6+ Qxf6 16. Nxe5 dxe5 17. Re3 Be6 18. Bd5 Rad8 19. c4 Nf4 20. Rg3 Qh4 21. a5
h6 22. Be3 Nh5 23. Rf3 Nf6 24. Qc2 Bxd5 25. exd5 Ne4 26. Bc1 f5 27. b3 Nd6 28.
Bb2 e4 29. Rg3 Rf7 30. Qc3 Rdd7 31. Rg6 f4 32. Qe5 e3 33. fxe3 fxe3 34. Qg3
Qxg3 35. Rxg3 Nf5 36. Rf3 g6 37. Re1 Rfe7 38. g4 Nd4 39. Rf6 Kh7 40. Rf8 Kg7
41. Rf4 Rf7 42. Rxf7+ Kxf7 43. Rxe3 Nc2 44. Rf3+ Kg8 45. Rf6 Kh7 46. Rf8 g5 47.
Rh8+ Kg6 48. Rg8+ Kh7 49. Rc8 Nb4 50. Ba3 Kg7 51. Rxc5 Nd3 52. Rc8 Nf4 53. Kh2
Rf7 54. d6 Ne6 55. Re8 1-0

[Event "XII Open"]
[Site "Condino ITA"]
[Date "2012.07.26"]
[Round "5"]
[White "Lezzerini, Marco"]
[Black "Forno, Diego"]
[WhiteElo "1948"]
[BlackElo "1715"]
[Result "1/2-1/2"]
[PlyCount "44"]
[EventDate "2012.07.22"]

1. c4 b6 2. g3 Bb7 3. Nf3 Nf6 4. Bg2 e6 5. O-O Be7 6. b3 O-O 7. Bb2 c5 8. d3
Nc6 9. Nbd2 d6 10. Re1 Qc7 11. Rc1 Rfd8 12. Qc2 d5 13. cxd5 Nxd5 14. Ne4 Rac8
15. Qb1 Qb8 16. Qa1 f6 17. h4 e5 18. h5 Nd4 19. Ned2 Nb4 20. Qb1 Qa8 21. Bxd4
exd4 22. Bh3 Rc6 1/2-1/2

[Event "XII Open"]
[Site "Condino ITA"]
[Date "2012.07.26"]
[Round "5"]
[White "Murgia, Andrea"]
[Black "De Paoli, Emilio"]
[WhiteElo "2017"]
[BlackElo "1851"]
[Result "1-0"]
[PlyCount "49"]
[EventDate "2012.07.22"]

1. e4 c5 2. c3 d5 3. exd5 Nf6 4. Bc4 Nbd7 5. Nf3 Nb6 6. d3 Nfxd5 7. O-O Bf5 8.
Bb5+ Bd7 9. a4 f6 10. Na3 Bxb5 11. axb5 Qd7 12. Qe2 g6 13. c4 Nc7 14. Rd1 Qe6
15. Be3 Bh6 16. d4 Bxe3 17. fxe3 h5 18. dxc5 Na4 19. Nd4 Qe5 20. Qc2 O-O-O 21.
Qxa4 Qxe3+ 22. Kh1 Rxd4 23. b6 axb6 24. Nb5 Rh4 25. Qa8+ 1-0

[Event "XII Open"]
[Site "Condino ITA"]
[Date "2012.07.26"]
[Round "5"]
[White "Nepi, Ezio"]
[Black "Marguerettaz, Davy"]
[WhiteElo "1927"]
[BlackElo "2214"]
[Result "0-1"]
[PlyCount "82"]
[EventDate "2012.07.22"]

1. d4 d5 2. c4 c6 3. Nf3 Nf6 4. Qc2 e6 5. g3 Be7 6. Bg2 O-O 7. O-O b6 8. Nbd2
Bb7 9. e4 c5 10. e5 Nfd7 11. cxd5 Bxd5 12. dxc5 Nxc5 13. Nc4 Nc6 14. Rd1 Qc7
15. Bf4 h6 16. a3 a5 17. Rac1 a4 18. Qe2 Qb7 19. Ne1 Bxg2 20. Nxg2 Nb3 21. Rc3
Ncd4 22. Qg4 Kh7 23. Rcd3 Bc5 24. h4 Rfd8 25. Nd6 Bxd6 26. exd6 f5 27. Qh3 Qe4
28. Re3 Qc2 29. Rde1 Nd2 30. g4 Ne4 31. Rxe4 fxe4 32. Qe3 Nf3+ 33. Kh1 Nxe1 34.
Nxe1 Qc4 35. Kg2 Qd5 36. g5 e5 37. g6+ Kg8 38. Bxh6 Rxd6 39. Qc1 Rxg6+ 40. Bg5
e3+ 41. Nf3 exf2 0-1

[Event "XII Open"]
[Site "Condino ITA"]
[Date "2012.07.26"]
[Round "5"]
[White "Panjkovic, Aleksandar"]
[Black "Schaberg, Wolfgang"]
[WhiteElo "2163"]
[BlackElo "1887"]
[Result "1-0"]
[PlyCount "91"]
[EventDate "2012.07.22"]

1. e4 d6 2. d4 Nf6 3. Nc3 g6 4. Be3 Bg7 5. Qd2 Ng4 6. Bg5 h6 7. Bh4 Nd7 8. Be2
Ngf6 9. f4 c5 10. d5 Qb6 11. Rb1 Nh7 12. Nf3 Bxc3 13. Qxc3 Qb4 14. Qxb4 cxb4
15. O-O Nhf6 16. Nd2 Nc5 17. Bf3 Rg8 18. e5 dxe5 19. fxe5 Ng4 20. Rbe1 h5 21.
h3 g5 22. Bg3 h4 23. hxg4 hxg3 24. Ne4 Nxe4 25. Rxe4 a5 26. Be2 Bd7 27. Rf3 e6
28. dxe6 Bxe6 29. Rxg3 Rc8 30. Bd3 Ke7 31. Rh3 Rg7 32. Rh6 Rc5 33. Kf2 Kd7 34.
g3 Kc7 35. Re2 Kb8 36. Rh8+ Kc7 37. Re8 Kd7 38. Ra8 Kc7 39. Bf5 Kb6 40. Re8 Rc6
41. Rd2 Kc5 42. Be4 Rc7 43. Rd6 Bc4 44. Ra8 Ba6 45. b3 Re7 46. Bxb7 1-0

[Event "XII Open"]
[Site "Condino ITA"]
[Date "2012.07.26"]
[Round "5"]
[White "Pedrotti, Luciano"]
[Black "Menichini, Massimo"]
[WhiteElo "1812"]
[BlackElo "1776"]
[Result "1-0"]
[PlyCount "66"]
[EventDate "2012.07.22"]

1. e4 c5 2. Nf3 Nc6 3. d4 cxd4 4. Nxd4 e5 5. Nb3 Nf6 6. Nc3 Bb4 7. Bd3 h6 8.
O-O O-O 9. Bd2 d6 10. Nd5 Bxd2 11. Qxd2 Be6 12. c4 a5 13. Nc1 Nd4 14. Ne2 Nxe2+
15. Qxe2 Bxd5 16. cxd5 Qb6 17. b3 Rac8 18. g3 Rc3 19. Rac1 Rfc8 20. Rxc3 Rxc3
21. Rd1 Rc8 22. Kg2 Nd7 23. Qg4 Nc5 24. Qxc8+ Kh7 25. Qf5+ Kg8 26. f4 f6 27.
fxe5 dxe5 28. d6 Qd8 29. Bc4+ Kh8 30. Rd5 b6 31. Rxc5 bxc5 32. Qe6 Kh7 33. d7
Kg6 1-0

[Event "XII Open"]
[Site "Condino ITA"]
[Date "2012.07.26"]
[Round "5"]
[White "Petragnani, Gian Giacomo"]
[Black "Poletti, Fausto"]
[WhiteElo "1733"]
[BlackElo "1950"]
[Result "1-0"]
[PlyCount "75"]
[EventDate "2012.07.22"]

1. c4 g6 2. g3 Bg7 3. Bg2 e5 4. Nc3 d6 5. e4 Ne7 6. Nge2 c5 7. O-O Nbc6 8. a3
O-O 9. d3 Nd4 10. h3 Nec6 11. Nxd4 Nxd4 12. Ne2 Nxe2+ 13. Qxe2 Be6 14. f4 Qd7
15. Kh2 Rae8 16. Rb1 f5 17. b4 b6 18. b5 Bf6 19. exf5 Bxf5 20. Bc6 exf4 21. Qf3
fxg3+ 22. Kxg3 Be5+ 23. Bf4 Qg7 24. Bxe8 Rxe8 25. Rbe1 Qd7 26. Bxe5 dxe5 27.
Re3 Bxh3 28. Rf2 Bf5 29. Rfe2 Kf7 30. Rxe5 Rxe5 31. Rxe5 Qxd3 32. Re3 Qd6+ 33.
Kg2 Qd2+ 34. Re2 Qg5+ 35. Kf1 Kg7 36. Qb7+ Kh6 37. Rh2+ Bh3+ 38. Rxh3+ 1-0

[Event "XII Open"]
[Site "Condino ITA"]
[Date "2012.07.26"]
[Round "5"]
[White "Rigo, Nicola"]
[Black "Simoni, Giulio"]
[WhiteElo "1305"]
[BlackElo "1680"]
[Result "0-1"]
[PlyCount "30"]
[EventDate "2012.07.22"]

1. e4 c5 2. Bc4 a6 3. Nf3 Nc6 4. O-O e6 5. d3 b5 6. Bb3 Qc7 7. c3 Bb7 8. d4 Nf6
9. e5 Nd5 10. c4 bxc4 11. Bxc4 Nb6 12. d5 Nxc4 13. dxc6 Qxc6 14. b3 Nxe5 15.
Nxe5 Qxg2# 0-1

[Event "XII Open"]
[Site "Condino ITA"]
[Date "2012.07.26"]
[Round "5"]
[White "Sanzani, Pierluigi"]
[Black "Buratti, Marco"]
[WhiteElo "1859"]
[BlackElo "1994"]
[Result "1-0"]
[PlyCount "77"]
[EventDate "2012.07.22"]

1. e4 e5 2. Nf3 Nc6 3. d4 exd4 4. Nxd4 Bc5 5. Be3 Qf6 6. c3 Nge7 7. Bc4 a6 8.
O-O O-O 9. f4 d6 10. Nc2 Be6 11. Be2 Bxe3+ 12. Nxe3 Qh6 13. g4 g6 14. g5 Qg7
15. Bg4 f5 16. Bh3 Qf7 17. Nd2 d5 18. e5 d4 19. Nc2 dxc3 20. bxc3 Bxa2 21. Nf3
Rad8 22. Ncd4 Bc4 23. Re1 Qd5 24. Bg2 Qc5 25. Kh1 Bd5 26. Rc1 Na5 27. Qa4 Nec6
28. c4 Bxf3 29. Nxf3 Rd3 30. e6 Nb3 31. Rc2 Qd6 32. e7 Nxe7 33. Ne5 Rd1 34.
Rce2 Rxe1+ 35. Rxe1 Qd2 36. Nf3 Qxf4 37. Qxb3 Re8 38. c5+ Kf8 39. Qe6 1-0

[Event "XII Open"]
[Site "Condino ITA"]
[Date "2012.07.26"]
[Round "5"]
[White "Simoncini, Francesco"]
[Black "Innocenti, Luca"]
[WhiteElo "1839"]
[BlackElo "2004"]
[Result "1-0"]
[PlyCount "47"]
[EventDate "2012.07.22"]

1. e4 c6 2. d4 d5 3. exd5 cxd5 4. c4 Nf6 5. Nc3 dxc4 6. Bxc4 Qc7 7. Qb3 e6 8.
Nf3 a6 9. O-O Be7 10. d5 exd5 11. Nxd5 Nxd5 12. Bxd5 O-O 13. Be3 Nc6 14. Bb6
Qf4 15. Rfe1 Bf6 16. Re4 Qf5 17. Bxf7+ Kh8 18. Rae1 Bxb2 19. Nh4 Qf6 20. Bd8
Nxd8 21. Re8 Ne6 22. Ng6+ Qxg6 23. Bxg6 hxg6 24. Rxf8+ 1-0

[Event "XII Open"]
[Site "Condino ITA"]
[Date "2012.07.26"]
[Round "5"]
[White "Weil, Dany"]
[Black "Garonzi, Martino"]
[WhiteElo "1901"]
[BlackElo "2025"]
[Result "0-1"]
[PlyCount "50"]
[EventDate "2012.07.22"]

1. d4 Nf6 2. c4 g6 3. f3 Bg7 4. Nc3 O-O 5. e4 d6 6. Be3 e5 7. d5 Nh5 8. Nge2 f5
9. exf5 gxf5 10. Qd2 a5 11. Bg5 Nf6 12. O-O-O Na6 13. f4 e4 14. g4 Nc5 15. Ng3
fxg4 16. Ncxe4 Ncxe4 17. Nxe4 Nxe4 18. Bxd8 Nxd2 19. Bxc7 Ne4 20. Bg2 Rxf4 21.
Rhf1 Nf2 22. Bxd6 Rxc4+ 23. Kb1 Bf5+ 24. Ka1 Nxd1 25. Rxd1 Rc2 0-1

[Event "XII Open"]
[Site "Condino ITA"]
[Date "2012.07.26"]
[Round "5"]
[White "Weinberg, Emanuele"]
[Black "Calabrese, Maurizio"]
[WhiteElo "1786"]
[BlackElo "1541"]
[Result "1-0"]
[PlyCount "77"]
[EventDate "2012.07.22"]

1. d4 Nf6 2. c4 e6 3. g3 c6 4. Bg2 Qa5+ 5. Bd2 Bb4 6. Nc3 d5 7. Nf3 Be7 8. Nxd5
Qd8 9. Nxe7 Qxe7 10. Qc2 h6 11. e4 a5 12. e5 Nh7 13. O-O Nd7 14. Be3 O-O 15.
Nd2 Rd8 16. Ne4 Ndf8 17. Rad1 Bd7 18. Nd6 Be8 19. Qb3 Ng6 20. Qxb7 Qxb7 21.
Nxb7 Rdb8 22. Nd6 Rxb2 23. Nxe8 Rxe8 24. Rd2 Rxd2 25. Bxd2 Ne7 26. Rb1 a4 27.
Rb6 Ra8 28. Bxc6 Ra7 29. Bb5 Ra8 30. Ra6 Rd8 31. Bc3 Ng5 32. Kg2 f6 33. Rd6 Rc8
34. Ba5 fxe5 35. dxe5 Ne4 36. Rxe6 Kf7 37. Ra6 Nf5 38. Bd7 Rxc4 39. Be6+ 1-0

[Event "XII Open"]
[Site "Condino ITA"]
[Date "2012.07.27"]
[Round "6"]
[White "Buratti, Marco"]
[Black "Petragnani, Gian Giacomo"]
[WhiteElo "1994"]
[BlackElo "1733"]
[Result "1/2-1/2"]
[PlyCount "104"]
[EventDate "2012.07.22"]

1. e4 g6 2. Nc3 Bg7 3. f4 d6 4. Nf3 a6 5. a4 Nd7 6. Bc4 e6 7. O-O Ne7 8. d3 O-O
9. Qe1 c5 10. g4 Nb6 11. Bb3 d5 12. a5 d4 13. Nd1 Nd7 14. Nf2 Nb8 15. e5 Nbc6
16. Ne4 Nd5 17. Nxc5 Qe7 18. Na4 Ndb4 19. Bd2 Rd8 20. Nb6 Rb8 21. Ra4 Nd5 22.
Bxd5 exd5 23. Nxc8 Rbxc8 24. Rf2 Qd7 25. Ra1 Qxg4+ 26. Kh1 Rc7 27. Qe2 Qd7 28.
Rg1 Re8 29. Qe1 f6 30. Re2 fxe5 31. fxe5 Qc8 32. Qh4 Qf5 33. Rf2 Rf7 34. Rgf1
Qh5 35. Qxh5 gxh5 36. Kg2 Nxe5 37. Nxe5 Rxf2+ 38. Rxf2 Rxe5 39. Bf4 Rf5 40. Kg3
Bf6 41. Be3 Rxf2 42. Bxf2 Kf7 43. Kf4 Ke6 44. h3 h6 45. Kf3 Kf5 46. Be1 Bg5 47.
Bb4 Bc1 48. b3 Bb2 49. Bc5 Bc3 50. Bb6 h4 51. Bd8 h5 52. Bb6 Bb2 1/2-1/2

[Event "XII Open"]
[Site "Condino ITA"]
[Date "2012.07.27"]
[Round "6"]
[White "Calabrese, Maurizio"]
[Black "Bondoni, Bernardino"]
[WhiteElo "1541"]
[BlackElo "1584"]
[Result "0-1"]
[PlyCount "90"]
[EventDate "2012.07.22"]

1. e4 e5 2. Nf3 d6 3. Bc4 Be7 4. O-O Nf6 5. Re1 O-O 6. Nc3 Bg4 7. Nd5 Nc6 8. c3
Re8 9. Nxe7+ Qxe7 10. d4 Bxf3 11. Qxf3 exd4 12. Bd2 dxc3 13. Bxc3 Ne5 14. Bxe5
Qxe5 15. h3 c6 16. Qb3 Qe7 17. a4 Qd7 18. Qf3 a6 19. Rad1 Re5 20. Qf4 Rae8 21.
f3 Qe7 22. Kh2 d5 23. Bd3 dxe4 24. fxe4 h6 25. Re2 Qb4 26. Bc2 b5 27. b3 Nd5
28. Qf2 Nc3 29. Rd4 Qc5 30. Red2 b4 31. Qh4 a5 32. Rd8 R5e6 33. Rxe8+ Rxe8 34.
Rd8 Qe5+ 35. Kh1 Rxd8 36. Qxd8+ Kh7 37. Qd7 Qe6 38. e5+ g6 39. Qc7 Qd5 40. Kh2
Kg7 41. Qe7 Qe6 42. Qc5 Nd5 43. Bd3 Qxe5+ 44. g3 Qb2+ 45. Bc2 Qc3 0-1

[Event "XII Open"]
[Site "Condino ITA"]
[Date "2012.07.27"]
[Round "6"]
[White "Caldara, Sisto"]
[Black "Innocenti, Luca"]
[WhiteElo "1780"]
[BlackElo "2004"]
[Result "0-1"]
[PlyCount "110"]
[EventDate "2012.07.22"]

1. h4 b6 2. c4 Bb7 3. Nc3 f5 4. d4 Nf6 5. Bg5 e6 6. Nf3 Be7 7. e3 d6 8. Qb3 h6
9. Bxf6 Bxf6 10. Be2 g6 11. Rd1 Qe7 12. Qc2 O-O 13. d5 Bxc3+ 14. Qxc3 e5 15. b4
Nd7 16. Rg1 Nf6 17. Nd2 Kf7 18. Qc2 h5 19. Qb3 a5 20. a3 axb4 21. axb4 Ra7 22.
Nf3 Ne4 23. g3 Rfa8 24. Kf1 Ra3 25. Qb2 Ra2 26. Qc1 R8a3 27. Nd2 Rc3 28. Nxe4
Rxc1 29. Ng5+ Qxg5 30. hxg5 Rcc2 31. Re1 e4 32. Rg2 c6 33. dxc6 Bxc6 34. b5 Bb7
35. Bd1 Rcb2 36. Re2 Rxe2 37. Bxe2 Ra1+ 38. Bd1 Rxd1+ 39. Ke2 Rc1 40. Kd2 Rxc4
41. Rg1 Ke6 42. Ra1 Rc7 43. Ra4 Bc8 44. Ra3 Bd7 45. Ra6 Rb7 46. Ra8 Bxb5 47.
Rh8 Bd7 48. Kc3 Ra7 49. Kb4 Ra2 50. Rg8 Kf7 51. Rh8 Rb2+ 52. Kc3 Rxf2 53. Rh7+
Ke6 54. Rg7 Be8 55. Rb7 b5 0-1

[Event "XII Open"]
[Site "Condino ITA"]
[Date "2012.07.27"]
[Round "6"]
[White "De Paoli, Emilio"]
[Black "Panjkovic, Aleksandar"]
[WhiteElo "1851"]
[BlackElo "2163"]
[Result "0-1"]
[PlyCount "56"]
[EventDate "2012.07.22"]

1. c4 e5 2. d4 exd4 3. Nf3 c5 4. e3 dxe3 5. Bxe3 Nf6 6. Nc3 Be7 7. Be2 O-O 8.
O-O d6 9. Ng5 Nc6 10. Qd2 Ne5 11. h3 h6 12. Nge4 Be6 13. Nxf6+ Bxf6 14. Nd5
Bxd5 15. Qxd5 Qb6 16. Rab1 Rad8 17. g4 Qc6 18. Qd1 Qe4 19. b4 b6 20. Rb3 Nxc4
21. Bxc4 Qxc4 22. Qd2 Rfe8 23. g5 hxg5 24. f4 Rxe3 25. Rxe3 Bd4 26. Kh2 Bxe3
27. Qg2 Bxf4+ 28. Kh1 Re8 0-1

[Event "XII Open"]
[Site "Condino ITA"]
[Date "2012.07.27"]
[Round "6"]
[White "Forno, Diego"]
[Black "Weil, Dany"]
[WhiteElo "1715"]
[BlackElo "1901"]
[Result "0-1"]
[PlyCount "50"]
[EventDate "2012.07.22"]

1. f4 b6 2. Nf3 Bb7 3. e3 e6 4. d4 f5 5. c3 Nf6 6. Bd3 Be7 7. Nbd2 O-O 8. O-O
c5 9. Qb3 Nc6 10. a3 Rc8 11. Bxf5 Na5 12. Bxe6+ Kh8 13. Qa2 dxe6 14. Qxe6 Bd5
15. Qh3 Ne4 16. Ne5 Qe8 17. Ndf3 cxd4 18. Nxd4 Nb3 19. Nxb3 Bxb3 20. Qf3 Bc2
21. Qe2 Qa4 22. Rf3 Bd1 23. Ng6+ hxg6 24. Rh3+ Kg8 25. Qe1 Bg4 0-1

[Event "XII Open"]
[Site "Condino ITA"]
[Date "2012.07.27"]
[Round "6"]
[White "Galas, Franco"]
[Black "Bortolotti, Silvano"]
[WhiteElo "1756"]
[BlackElo "1772"]
[Result "1/2-1/2"]
[PlyCount "47"]
[EventDate "2012.07.22"]

1. d4 d5 2. Nf3 Nf6 3. Bf4 c5 4. h3 Nc6 5. c3 e6 6. e3 cxd4 7. exd4 a6 8. Bd3
Bd6 9. Bxd6 Qxd6 10. Qc2 Bd7 11. Nbd2 Rc8 12. O-O Nb4 13. Qb1 Nxd3 14. Qxd3 Bb5
15. c4 dxc4 16. Qc3 O-O 17. Rfe1 Nd5 18. Ne4 Qe7 19. Qc1 h6 20. Nc3 Nxc3 21.
bxc3 Bc6 22. Ne5 Bd5 23. Ng4 Rfe8 24. Nxh6+ 1/2-1/2

[Event "XII Open"]
[Site "Condino ITA"]
[Date "2012.07.27"]
[Round "6"]
[White "Garonzi, Martino"]
[Black "Sanzani, Pierluigi"]
[WhiteElo "2025"]
[BlackElo "1859"]
[Result "1-0"]
[PlyCount "45"]
[EventDate "2012.07.22"]

1. e4 c5 2. Nf3 d6 3. d4 cxd4 4. Nxd4 Nf6 5. Nc3 g6 6. Be3 a6 7. f3 Nbd7 8. Bc4
b5 9. Bb3 Bb7 10. Qd2 Nb6 11. Bh6 Bxh6 12. Qxh6 Nc4 13. O-O-O Qc7 14. Rhe1 Rc8
15. Nd5 Bxd5 16. exd5 Nxd5 17. Nxb5 axb5 18. Rxd5 Nxb2 19. Qg7 Qa5 20. Qxh8+
Kd7 21. Rxe7+ Kxe7 22. Qxc8 Nc4 23. Bxc4 1-0

[Event "XII Open"]
[Site "Condino ITA"]
[Date "2012.07.27"]
[Round "6"]
[White "Licandro, Michele"]
[Black "Pellicoro, Roberto"]
[WhiteElo "1577"]
[BlackElo "1530"]
[Result "0-1"]
[PlyCount "120"]
[EventDate "2012.07.22"]

1. d4 d5 2. Bf4 Nf6 3. e3 e6 4. Bd3 Nc6 5. c3 Bd6 6. Bg5 h6 7. Bh4 Be7 8. Nd2
e5 9. Ne2 e4 10. Bc2 Bg4 11. h3 Be6 12. Bg3 Nh5 13. Bh2 O-O 14. Nf4 Nxf4 15.
Bxf4 Bg5 16. Bh2 Ne7 17. Qe2 Ng6 18. O-O f5 19. f4 exf3 20. Nxf3 Bf6 21. Bb3 c6
22. Rad1 Be7 23. Ne5 Nxe5 24. dxe5 Bg5 25. Bf4 Bxf4 26. exf4 Qb6+ 27. Kh1 Rad8
28. c4 Qa6 29. Qc2 dxc4 30. Qe2 cxb3 31. Qxa6 bxa6 32. a3 Rxd1 33. Rxd1 Kf7 34.
Rd6 Rc8 35. Kg1 g5 36. g3 gxf4 37. gxf4 h5 38. Kf2 h4 39. Ke2 c5 40. Kd2 Rg8
41. Rxa6 Rg2+ 42. Kc1 Rc2+ 43. Kb1 Rf2 44. Rxa7+ Ke8 45. Kc1 Rxf4 46. Rh7 Re4
47. Kd2 Bf7 48. Rh8+ Ke7 49. Rh7 Ke6 50. Rh6+ Kxe5 51. Rh8 Rd4+ 52. Ke3 Rf4 53.
Kd2 Rf2+ 54. Kc3 Rf3+ 55. Kd2 Rxh3 56. a4 Rh2+ 57. Kc3 Rh1 58. Rh7 Bd5 59. a5
h3 60. a6 h2 0-1

[Event "XII Open"]
[Site "Condino ITA"]
[Date "2012.07.27"]
[Round "6"]
[White "Marguerettaz, Davy"]
[Black "Murgia, Andrea"]
[WhiteElo "2214"]
[BlackElo "2017"]
[Result "1-0"]
[PlyCount "69"]
[EventDate "2012.07.22"]

1. d4 f5 2. Nc3 Nf6 3. Bg5 d5 4. Bxf6 exf6 5. e3 Be6 6. Qf3 g6 7. Bb5+ c6 8.
Bd3 b5 9. Nge2 b4 10. Nb1 Nd7 11. Nf4 Bf7 12. h3 Ne5 13. Qe2 Nxd3+ 14. Nxd3 Bd6
15. Nd2 O-O 16. O-O Re8 17. Nb3 f4 18. Qf3 fxe3 19. fxe3 f5 20. Nbc5 Qg5 21.
Rfe1 Re4 22. Nd7 Rae8 23. N7e5 c5 24. Nxf7 Kxf7 25. Nxc5 Bxc5 26. dxc5 d4 27.
Rad1 dxe3 28. Rd7+ R8e7 29. c6 Ke8 30. Qd1 Qg3 31. Re2 f4 32. Qd5 R4e6 33. c7
Kf7 34. Rxe7+ Kxe7 35. c8=Q 1-0

[Event "XII Open"]
[Site "Condino ITA"]
[Date "2012.07.27"]
[Round "6"]
[White "Medancic, Rikard"]
[Black "De Santis, Alessio"]
[WhiteElo "2223"]
[BlackElo "2349"]
[Result "1/2-1/2"]
[PlyCount "20"]
[EventDate "2012.07.22"]

1. d4 Nf6 2. Nf3 e6 3. Bg5 h6 4. Bxf6 Qxf6 5. e4 d5 6. e5 Qd8 7. Bd3 c5 8. c3
Qb6 9. Qb3 Bd7 10. Nbd2 Nc6 1/2-1/2

[Event "XII Open"]
[Site "Condino ITA"]
[Date "2012.07.27"]
[Round "6"]
[White "Nepi, Ezio"]
[Black "Lezzerini, Marco"]
[WhiteElo "1927"]
[BlackElo "1948"]
[Result "0-1"]
[PlyCount "65"]
[EventDate "2012.07.22"]

1. d4 d6 2. Nf3 g6 3. c4 Bg7 4. Nc3 Bg4 5. e3 c5 6. Be2 cxd4 7. exd4 Nh6 8. h3
Bxf3 9. Bxf3 Nc6 10. g4 e5 11. O-O O-O 12. dxe5 dxe5 13. Bd5 Kh8 14. Ne4 f5 15.
Nc5 Qh4 16. g5 Nf7 17. Ne6 e4 18. Qb3 Nd4 19. Nxd4 Bxd4 20. Be3 Bxe3 21. fxe3
Qg3+ 22. Kh1 Qxh3+ 23. Kg1 Qg3+ 24. Kh1 Qh4+ 25. Kg2 Qxg5+ 26. Kf2 Ne5 27. Ke2
Nf3 28. Rad1 Rab8 29. c5 Qe7 30. Be6 Rfd8 31. Rd6 Rxd6 32. cxd6 Qxd6 33. Rd1
0-1

[Event "XII Open"]
[Site "Condino ITA"]
[Date "2012.07.27"]
[Round "6"]
[White "Petragnani, Alessandro"]
[Black "Schaberg, Wolfgang"]
[WhiteElo "1963"]
[BlackElo "1887"]
[Result "1/2-1/2"]
[PlyCount "57"]
[EventDate "2012.07.22"]

1. c4 e5 2. g3 Nf6 3. Bg2 Bc5 4. Nc3 c6 5. e3 d5 6. cxd5 Nxd5 7. Nxd5 cxd5 8.
Qb3 O-O 9. Qxd5 Qe7 10. Nf3 Nc6 11. a3 Bf5 12. d4 Bb4+ 13. Bd2 Bxd2+ 14. Nxd2
Bd3 15. Qb3 e4 16. Bf1 Bxf1 17. Kxf1 h5 18. Qd5 Rfe8 19. Qxh5 Qf6 20. Qh4 Qf5
21. Kg2 Re6 22. Rac1 b6 23. Qf4 Qd5 24. h4 Rae8 25. Qg5 Ne5 26. h5 Qd7 27. Rh4
Nd3 28. Rb1 Rf6 29. Rxe4 1/2-1/2

[Event "XII Open"]
[Site "Condino ITA"]
[Date "2012.07.27"]
[Round "6"]
[White "Pieri, Enzo"]
[Black "Pedrotti, Luciano"]
[WhiteElo "1750"]
[BlackElo "1812"]
[Result "0-1"]
[PlyCount "48"]
[EventDate "2012.07.22"]

1. d4 Nf6 2. c4 e6 3. Nc3 Bb4 4. a3 Bxc3+ 5. bxc3 O-O 6. Nf3 d6 7. Qc2 Nbd7 8.
e4 e5 9. Bd3 c5 10. d5 Re8 11. O-O Nf8 12. Ne1 Ng6 13. f4 exf4 14. Bxf4 Ne5 15.
Bg5 Bg4 16. Bxf6 gxf6 17. h3 Bh5 18. g4 Bg6 19. Qf2 Kg7 20. Qg3 Qe7 21. Ra2
Nxd3 22. Nxd3 Qxe4 23. Rf4 Qxd3 24. Rf3 Qb1+ 0-1

[Event "XII Open"]
[Site "Condino ITA"]
[Date "2012.07.27"]
[Round "6"]
[White "Poletti, Fausto"]
[Black "Weinberg, Emanuele"]
[WhiteElo "1950"]
[BlackElo "1786"]
[Result "1-0"]
[PlyCount "57"]
[EventDate "2012.07.22"]

1. c4 Nf6 2. g3 g6 3. Bg2 Bg7 4. Nc3 c6 5. e4 d6 6. Nge2 O-O 7. d4 e5 8. O-O
Nbd7 9. h3 exd4 10. Nxd4 Nc5 11. Bf4 Nh5 12. Be3 Ne6 13. Qd2 Nxd4 14. Bxd4 Be6
15. b3 Nf6 16. Rad1 Qe7 17. Rfe1 Rfd8 18. Nd5 Bxd5 19. exd5 Qc7 20. dxc6 bxc6
21. Bc3 a5 22. Re3 Ne8 23. Bxg7 Kxg7 24. Qe2 Nf6 25. Qb2 Re8 26. Rde1 Re6 27.
Rxe6 fxe6 28. Rxe6 Rf8 29. Qd4 1-0

[Event "XII Open"]
[Site "Condino ITA"]
[Date "2012.07.27"]
[Round "6"]
[White "Popa, Claudiu"]
[Black "Cambria, Gilberto"]
[WhiteElo "2146"]
[BlackElo "1697"]
[Result "1-0"]
[PlyCount "125"]
[EventDate "2012.07.22"]

1. e4 e6 2. d4 d5 3. Nd2 Nf6 4. e5 Nfd7 5. c3 c5 6. Bd3 Nc6 7. Ne2 a5 8. O-O
Be7 9. Nf3 c4 10. Bc2 b5 11. b3 Nb6 12. Re1 Ba6 13. Rb1 h6 14. Nd2 b4 15. bxc4
Nxc4 16. Ba4 Qc7 17. Nxc4 Bxc4 18. a3 bxa3 19. Ra1 O-O 20. Bxa3 Bxa3 21. Rxa3
Rfb8 22. Nf4 Na7 23. Nd3 Nb5 24. Bxb5 Rxb5 25. Nc5 Qc8 26. Qa1 Qc7 27. h3 Qc8
28. Kh2 Qd8 29. Qd1 Rb2 30. Qf3 Qh4 31. Qg3 Qxg3+ 32. Kxg3 Kf8 33. Rea1 Rb5 34.
f4 Ke7 35. Kh4 g6 36. g4 Ra7 37. Kg3 Ra8 38. Kf3 Rb2 39. Rxa5 Rxa5 40. Rxa5 Ra2
41. Rxa2 Bxa2 42. g5 h5 43. Nb7 Bc4 44. h4 Bf1 45. Ke3 Ba6 46. Nd6 Bf1 47. Kd2
Ba6 48. Kc2 Be2 49. Kb3 Bd1+ 50. Kb4 Bc2 51. c4 dxc4 52. Kxc4 Ba4 53. Nc8+ Kd8
54. Nb6 Be8 55. Kc5 Kc7 56. d5 exd5 57. Nxd5+ Kd8 58. Kd6 Ba4 59. e6 fxe6 60.
Ne7 Bc2 61. Kxe6 Ke8 62. Kf6 Kf8 63. Nxg6+ 1-0

[Event "XII Open"]
[Site "Condino ITA"]
[Date "2012.07.27"]
[Round "6"]
[White "Rigo, Nicola"]
[Black "Benso, Alberto"]
[WhiteElo "1305"]
[BlackElo "1410"]
[Result "0-1"]
[PlyCount "38"]
[EventDate "2012.07.22"]

1. e4 e5 2. Nc3 Bc5 3. Bc4 Qe7 4. Nf3 Bxf2+ 5. Kxf2 Qc5+ 6. Ke1 Qxc4 7. b3 Qc6
8. Nxe5 Qf6 9. d4 d6 10. Nd5 Qh4+ 11. g3 Qxe4+ 12. Be3 Qxh1+ 13. Ke2 Qxd5 14.
c4 Qe6 15. Bf4 dxe5 16. d5 Qg4+ 17. Kd3 exf4 18. Qe1+ Ne7 19. Qe4 Bf5 0-1

[Event "XII Open"]
[Site "Condino ITA"]
[Date "2012.07.27"]
[Round "6"]
[White "Simoncini, Francesco"]
[Black "Barucco, Mattia"]
[WhiteElo "1839"]
[BlackElo "2000"]
[Result "1-0"]
[PlyCount "87"]
[EventDate "2012.07.22"]

1. e4 c6 2. d4 d5 3. exd5 cxd5 4. c4 Nf6 5. Nc3 e6 6. Nf3 Bb4 7. Be2 O-O 8. O-O
dxc4 9. Bxc4 Qc7 10. Bb3 a6 11. Bg5 Bxc3 12. Bxf6 Bxb2 13. Be5 Qd8 14. Rb1 Ba3
15. Bc2 Be7 16. Qd3 g6 17. h4 Nc6 18. h5 Bf6 19. Qe3 Nxe5 20. dxe5 Be7 21. Qh6
Qe8 22. Rb3 b5 23. Nh2 Bb7 24. Rh3 Qc6 25. Nf3 Qxc2 26. hxg6 Qxg6 27. Rg3 Bxf3
28. gxf3 Kh8 29. Rxg6 fxg6 30. Kg2 Bc5 31. Rc1 Rfc8 32. Qg5 Rc6 33. Qf6+ Kg8
34. Rd1 Rf8 35. Rd8 b4 36. Rxf8+ Bxf8 37. Qd8 Rc5 38. f4 Rc6 39. Qd7 Rb6 40.
Qc8 a5 41. Qc7 Rb5 42. Qc6 Rc5 43. Qxe6+ Kh8 44. Qe8 1-0

[Event "XII Open"]
[Site "Condino ITA"]
[Date "2012.07.27"]
[Round "6"]
[White "Simoni, Giulio"]
[Black "Beccaris, Gabriele"]
[WhiteElo "1680"]
[BlackElo "2042"]
[Result "0-1"]
[PlyCount "64"]
[EventDate "2012.07.22"]

1. d4 Nf6 2. Nf3 e6 3. e3 d5 4. c4 Be7 5. Nc3 O-O 6. cxd5 exd5 7. Bd3 Bg4 8.
O-O Re8 9. Be2 c6 10. a3 Nbd7 11. Bd2 Bd6 12. h3 Bh5 13. Ne1 Bxe2 14. Qxe2 Ne4
15. Nxe4 dxe4 16. Bc3 Nf6 17. Nc2 Rc8 18. f4 Nd5 19. Bb4 Bb8 20. Rad1 a5 21.
Be1 Qb6 22. b4 axb4 23. Nxb4 Bd6 24. Nxd5 cxd5 25. a4 Qb3 26. a5 Rc2 27. Rd2
Rec8 28. Rf2 Rxd2 29. Qxd2 Ba3 30. Qe2 Bc1 31. Bd2 Rc2 32. Qe1 Bxd2 0-1